The children's hour : (Record no. 8460)
[ view plain ]
| 000 -LEADER | |
|---|---|
| fixed length control field | 00832cam a22002777a 4500 |
| 001 - CONTROL NUMBER | |
| JCCL Control Number | 8460 |
| 003 - CONTROL NUMBER IDENTIFIER | |
| JCCL marc code | BD-JhCC |
| 005 - DATE AND TIME OF LATEST TRANSACTION | |
| control field | 20180923104318.0 |
| 008 - FIXED-LENGTH DATA ELEMENTS--GENERAL INFORMATION | |
| fixed length control field | 080210s2007 ph f000 0 eng |
| 020 ## - INTERNATIONAL STANDARD BOOK NUMBER | |
| International Standard Book Number | 9789715425407 (v. 1) |
| 020 ## - INTERNATIONAL STANDARD BOOK NUMBER | |
| International Standard Book Number | 9789715425414 (v. 2) |
| 035 ## - SYSTEM CONTROL NUMBER | |
| system control number | (BD-JhCC)8460 |
| 040 ## - CATALOGING SOURCE | |
| Original cataloging agency | DLC |
| Transcribing agency | DLC |
| Modifying agency | BD-JhCC |
| 041 ## - LANGUAGE CODE | |
| Language code of Book | eng |
| 050 00 - LIBRARY OF CONGRESS CALL NUMBER | |
| Classification number | MLCS 2008/00753 (P) |
| 082 ## - DEWEY DECIMAL CLASSIFICATION NUMBER | |
| Author mark and Year | CHI 2007 |
| Classification number | 828 |
| 245 04 - TITLE STATEMENT | |
| Title | The children's hour : |
| Remainder of title | stories on childhood / |
| Statement of responsibility, etc | edited by Gemino H. Abad. |
| 250 ## - EDITION STATEMENT | |
| Edition statement | UP jubilee student ed. |
| 260 ## - PUBLICATION, DISTRIBUTION, ETC. (IMPRINT) | |
| Place of publication, distribution, etc | Diliman, Quezon City : |
| Name of publisher, distributor, etc | The University of the Philippines Press, |
| Date of publication, distribution, etc | c2007. |
| 300 ## - PHYSICAL DESCRIPTION | |
| Pagination | 2 v. ; |
| Dimensions | 21 cm. |
| 500 ## - GENERAL NOTE | |
| General note | Vol. 2 edited by Cristina Pantoja Hidalgo. |
| 700 1# - ADDED ENTRY--PERSONAL NAME | |
| Personal name | Abad, Gémino H. |
| 700 1# - ADDED ENTRY--PERSONAL NAME | |
| Personal name | Pantoja-Hidalgo, Cristina, |
| Dates associated with a name | 1944- |
| 942 ## - ADDED ENTRY ELEMENTS (KOHA) | |
| Source of classification or shelving scheme | Dewey Decimal Classification |
| Koha item type | Books |
| Source of classification or shelving scheme | Damaged status | Not for loan | Home library | Current library | Shelving location | Total Checkouts | Full call number | Barcode | Date last seen | Copy number | Koha item type |
|---|---|---|---|---|---|---|---|---|---|---|---|
| Dewey Decimal Classification | JCC Rouf Library | JCC Rouf Library | General Stacks | 828 CHI 2007 | 10992 | 02/24/2018 | C - 1 | Books |